| 000 | 00946nam a22002537a 4500 | ||
|---|---|---|---|
| 005 | 20170123162307.0 | ||
| 010 | _aB-230501 | ||
| 020 |
_c150.00 _a8180420450 |
||
| 035 | _aB-230501 | ||
| 037 | _bCen Lib/Ret | ||
| 040 |
_aDPL _bUR |
||
| 082 |
_a841.08 _bم ظ ف |
||
| 100 |
_aمظفّر حنفی _9111051 |
||
| 245 |
_aہندوستان اردو میں / _cمظفّر حنفی |
||
| 246 |
_aHindustan urdu men / _bby Muzaffar Hanfi |
||
| 260 |
_aنیی دہلی _bماڈرن پبلشنگ ہاؤس _c2007 |
||
| 270 |
_a٩، گوا مارکیٹ، دریاگنج _bنیی دہلی _e110002 |
||
| 300 |
_a159p. _c21cm(Hb) |
||
| 650 |
_aاردو شاعری - 20th صدی - تاریخ اور تنقید. _9109045 |
||
| 650 |
_aدب میں قوم. _9111052 |
||
| 650 |
_aUrdu poetry -- 20th century -- History and criticism. _9109047 |
||
| 650 |
_aNationalism in literature _96138 |
||
| 942 |
_2ddc _cUR _h841.08 _mم ظ ف |
||
| 999 |
_c106362 _d106362 |
||